Statistics for Taylor Swift Song Quiz!

Click here to take the quiz!

General Stats

  • This quiz has been taken 292 times
  • The average score is 9 of 16

Answer Stats

HintAnswer% Correct
They say home is where the heart is...London Boy
79%
We play dumb but we know exactly what we're doin'New Romantics
75%
Remembering him comes in flashbacks and echoesRed
75%
I don't regret it one bit, 'cause he had it comingI Did Something Bad
70%
It was the end of a decade, but the start of an ageLong Live
70%
And if I bleed, you'll be the last to knowCruel Summer
68%
You had to kill me, but it killed you just the samemy tears ricochet
63%
Show me the places where the others gave you scarswillow
59%
Passed down like folk songs, the love lasts so longseven
56%
Like any real love, it's ever-changingWelcome To New York
50%
But you held your pride like you should've held meThe Story of Us
49%
I'm a mess, but I'm the mess that you wantedDancing With Our Hands Tied
47%
Everybody loves pretty, everybody loves coolThe Lucky One
42%
Here's to silence, that cuts me to the coreForever & Always
33%
I always felt I must look better in the rear viewlong story short
31%
And you do what you want 'cause I'm not what you wantedCold as You
24%

Score Distribution

Percentile by Number Answered

Percent of People with Each Score

Your Score History

You have not taken this quiz